Las glorias de María: obra útil para leer y predicar
Salvato in:
| Autore principale: | |
|---|---|
| Natura: | Libro |
| Lingua: | spagnolo |
| Pubblicazione: |
Barcelona
Libreria Religiosa y Científica
1908
|
| Edizione: | 1a. ed |
| Soggetti: | |
| Tags: |
Aggiungi Tag
Nessun Tag, puoi essere il primo ad aggiungerne!!
|
MARC
| LEADER | 00000cam a2200000 a 4500 | ||
|---|---|---|---|
| 001 | UCD0902 | ||
| 003 | CL-VaPUC | ||
| 008 | 151218e19080000sp |||||||||||||||||spa|d | ||
| 082 | 0 | 4 | |a 232.9 |b LIG |2 21 |
| 100 | |a Ligorio, Alfonso María de, |c Santo |e autor |9 611672 | ||
| 245 | 1 | 4 | |a Las glorias de María: obra útil para leer y predicar |
| 250 | |a 1a. ed | ||
| 300 | |a 416 p | ||
| 942 | |c BK | ||
| 945 | |d 20151218 14:15:00 |a gsalatino | ||
| 260 | |a Barcelona |b Libreria Religiosa y Científica |c 1908 | ||
| 600 | 0 | |a Virgen María |9 314204 | |
| 650 | 0 | |a Mariología |9 365249 | |
| 583 | |a last modification |c 20151218 14:15:00 |k Rodrigo Vera | ||
| 999 | |c 362339 |d 362337 | ||
| 952 | |0 0 |1 0 |3 erd |4 0 |6 232_900000000000000_LIG_1908 |7 0 |8 P |9 473421 |a BIBTEO |b BIBTES |c TEO_FTES |i 5274729 |o 232.9 LIG 1908 |p 5274729 |r 2024-01-18 |w 2019-11-24 |y BK |z Catalogado en:20151218 |k ICR | ||